000 00714nam a2200265Ia 4500
003 OSt
005 20220925220013.0
006 a|||||r|||| 00| 0
007 ta
008 220923b |||||||| |||| 00| 0 eng d
020 _a0 85315 273 x
037 _cGeneral Book
040 _aRTL
_cRTL
_beng
041 _2eng
_aeng
082 _aX:7, J6;L3/TD3
100 _aMeek Ronald L
_9151762
245 0 _aStudies in the labour theory of value
250 _a2nd
260 _aLondon
_bLawrence and Wishart UK
_c1973
300 _axLiv, 332p.
_ccm.
650 _a Economis
_9283950
650 _aValue
942 _hX:7, J6;L3/TD3
_cGB
_2CC
999 _c570260
_d570260